| 000 | 00947nas a2200325 4500 | ||
|---|---|---|---|
| 001 | BR8802028 | ||
| 003 | BR-BrBNA | ||
| 005 | 20231205091106.0 | ||
| 007 | ta | ||
| 008 | 230509b bl.|||p| |||| 00| 00por d | ||
| 040 |
_aBR-BrBNA _bpor _cBiblioteca Nacional de Agricultura |
||
| 041 | _a(Pt) | ||
| 072 | _aQ80 | ||
| 100 | 1 | _aSoler, R.M. | |
| 100 | 1 | _aFaria, E.V. de | |
| 100 | 1 | _aGuedes, L.B.R. | |
| 100 | 1 | _aAnjos, V.D. de A. | |
| 100 | 1 | _aDantas, S.T. | |
| 100 | 1 | _aPadula, J.S. | |
| 100 | 1 | _aCampos, S.D. da S. de | |
| 245 | 1 | _aEmbalagens alternativas para oleo de soja | |
| 246 | 1 | _aAlternative packages for soybean oil | |
| 650 | _aOLEO VEGETAL | ||
| 650 | _aSOJA | ||
| 650 | _aEMBALAGEM | ||
| 650 | _aVIDA-DE-PRATELEIRA | ||
| 773 | 0 |
_tColetanea do Instituto de Tecnologia de Alimentos (Brazil) _xISSN 0100-350X _g(1986), v. 16 p. 201-227 _wBR8802028 |
|
| 909 |
_a202311 _bLúcia _c55 _dLúcia Elande |
||
| 942 |
_2AGRIS _n0 _cANA |
||
| 999 |
_c122703 _d122703 |
||